000
00202 a2200097 4500
001
43101
100
_a
Knight, W
245
_a
the wheel of fire
260
_a
London
_b
Methuen
_c
090
_c
26948
_d
26948
942
_a
NUST-CAE
_c
M
_c
18833
999
_c
278174
_d
278174